| 000 | 00570nam a22002057a 4500 | ||
|---|---|---|---|
| 003 | OSt | ||
| 005 | 20160227142638.0 | ||
| 008 | 160227b xxu||||| |||| 00| 0 eng d | ||
| 020 | _a9781429239240 | ||
| 040 | _cDDC | ||
| 082 | _a14/38180 | ||
| 100 |
_aVollhardt, Peter; Schore, Neil _96864 |
||
| 245 | _aOrganic chemistry: structure and function | ||
| 250 | _a6th ed. | ||
| 260 | _aNew York; Freeman and Co', 2011 | ||
| 300 | _axxxii, 1269p; col.ill: 28cm | ||
| 504 | _aAnswers, credits, & index included | ||
| 650 |
_aOrganic chemistry _9814 |
||
| 942 |
_2z _cO_SHELF |
||
| 999 |
_c3096 _d3096 |
||